00720nam a2200169 i 4500001000700000003000900007005001700016008004100033100003800074245013200112260007200244300002200316530003900338700002300377852007100400856007900471165203ES-MaACL20250618063031.0050817s1876 sp |||| | spa d1 aSepúlveda, Ricardo, d1846-190914aLas botas b: cuadros festivos de costumbres : (contestación a "Las llaves" de Teodoro Guerrero) / cpor Ricardo Sepúlveda. aMadrid : bLibrería de M. Murillo, c1876 (fImp. de T. Fortanet) a272 p. ; c19 cm. aDisponible también en sitio web.1 aGuerrero, Teodoro. aES-MaACLjT-280-F-4 z. - Enc. hol. z. - Enc. en un vol. facticio uhttp://www.archive.org/details/lasbotascuadros00sepgoog zIr a la página